[Event "Gyor Amateur op 21st"]
[Site "Gyor"]
[Date "2021.08.22"]
[Round "4"]
[White "Horvath, Tibor"]
[Black "Pirityi, Andras"]
[Result "1-0"]
[WhiteElo "1837"]
[BlackElo "1711"]
[PlyCount "65"]
[EventDate "2021.08.21"]
[EventType "swiss"]
[EventRounds "5"]
[EventCountry "HUN"]
[SourceTitle "EXT 2024"]
[Source "ChessBase"]
[SourceDate "2023.10.10"]
[SourceVersion "1"]
[SourceVersionDate "2023.10.10"]
[SourceQuality "1"]

1. d4 g6 2. c4 Bg7 3. Nc3 d6 4. e4 Nf6 5. h3 0-0 6. Nf3 c6 7. Be3 Qc7 8. Be2 a6 9. 0-0 b6 10. Qd2 Nbd7 11. Bh6 Bb7 12. Nh4 e5 13. d5 cxd5 14. cxd5 Nc5 15. Rfc1 Qd7 16. Bxg7 Kxg7 17. Qe3 Qd8 18. b4 Ncd7 19. a4 Nh5 20. Bxh5 Qxh4 21. Be2 Qf4 22. Nd1 Qxe3 23. Nxe3 Nf6 24. Rc7 Rab8 25. f3 Rfc8 26. Rxb7 Rxb7 27. Bxa6 Rbc7 28. Bxc8 Rxc8 29. a5 bxa5 30. bxa5 Ne8 31. a6 Ra8 32. Nc4 Kf8 33. a7 1-0

[Event "Budapest-chT1 Lilienthal 1718"]
[Site "Budapest"]
[Date "2017.11.19"]
[Round "4"]
[White "Pirityi, Andras"]
[Black "Deli, Gabor"]
[Result "1/2-1/2"]
[WhiteElo "1739"]
[BlackElo "1843"]
[PlyCount "41"]
[EventDate "2017.10.01"]
[EventType "team-tourn"]
[EventRounds "13"]
[EventCountry "HUN"]
[SourceTitle "EXT 2021"]
[Source "ChessBase"]
[SourceDate "2020.10.23"]
[SourceVersion "1"]
[SourceVersionDate "2020.10.23"]
[SourceQuality "1"]
[WhiteTeam "Budapest Ujpest KSE"]
[BlackTeam "SENSE"]
[WhiteTeamCountry "HUN"]
[BlackTeamCountry "HUN"]

1. e4 c5 2. Nc3 Nc6 3. g3 d6 4. Bg2 Nf6 5. Nge2 e6 6. d3 Be7 7. 0-0 0-0 8. f4 Nd7 9. g4 h6 10. Be3 Nf6 11. h3 Nh7 12. d4 cxd4 13. Nxd4 a6 14. Nxc6 bxc6 15. Ne2 Qc7 16. Qd2 Rd8 17. c4 Bb7 18. f5 e5 19. Rac1 c5 20. Ng3 Bh4 21. Ne2 1/2-1/2